| 000 | 00608nam a22002057i 4500 | ||
|---|---|---|---|
| 999 |
_c23533 _d23533 |
||
| 003 | AR-CdUCM | ||
| 008 | 260227b20232023 pe||||| |||| 00| 0 spa d | ||
| 020 | _a978-612-5029-43-0 | ||
| 040 |
_aMUNICIPALIDAD PROVINCIAL DEL CUSCO _cBIBLIOTECA MUNICIPAL DEL CUSCO |
||
| 041 | _hspa | ||
| 082 |
_aEP / 869.56 _bC2975G |
||
| 100 |
_aCarranza Gálvez, Doris _952353 |
||
| 245 | _aEl Gallito Gaspar / | ||
| 260 |
_aLima : _bRio Hablador SAC. _c2023 |
||
| 300 |
_a32 páginas. : _c30x21 cm. |
||
| 505 | _aEl gallito Gaspar | ||
| 856 | _fwww.editorialambar.pe | ||
| 942 |
_2ddc _cLIBROS |
||
| 945 |
_apbjr _d27-02-2026 |
||